[Event "4NCL 2011-12"]
[Site "Hinkley ENG"]
[Date "2012.05.05"]
[Round "9.44"]
[White "Eckersley-Waites, Tom"]
[Black "Ansell, Simon T"]
[Result "0-1"]
[BlackTitle "IM"]
[WhiteElo "2276"]
[BlackElo "2389"]
[WhiteTeam "Oxford"]
[BlackTeam "Blackthorne Russia"]
[WhiteFideId "412449"]
[BlackFideId "402141"]
[EventDate "2011.11.12"]

1. e4 c5 2. Nf3 Nc6 3. d4 cxd4 4. Nxd4 e5 5. Nb5 d6 6. N1c3 a6 7. Na3 Be7 8. Nd5
Nf6 9. Nxf6+ Bxf6 10. Nc4 Be7 11. Ne3 O-O 12. Bc4 Be6 13. Bd5 Bg5 14. O-O Rc8
15. Bxe6 fxe6 16. Qg4 Qf6 17. Nd5 exd5 18. Bxg5 Qg6 19. exd5 Nd4 20. c3 Nf5 21.
f4 Ne3 22. Qe6+ Qxe6 23. dxe6 Nxf1 24. Rxf1 h6 25. Be7 Rxf4 26. Bxd6 Rxf1+ 27.
Kxf1 Rc6 28. e7 Kf7 29. Ba3 h5 30. Ke2 Rg6 31. Kf2 e4 32. g3 h4 33. gxh4 Rh6 34.
Ke3 Rxh4 35. Bd6 Rh6 36. Bf4 Rg6 37. Bg3 Kxe7 38. Kxe4 Ke6 39. Kd4 Rg4+ 40. Kc5
Rg5+ 41. Kd4 Rd5+ 42. Kc4 Rd2 43. Kb3 b5 44. Ka3 Kd5 45. Kb3 Re2 46. h4 Re4 47.
h5 Rg4 48. Bf2 Ke6 49. Bd4 Kf7 50. a4 Rg5 51. h6 gxh6 52. Be3 bxa4+ 53. Kxa4
Rg4+ 54. Ka5 h5 55. Ba7 h4 56. Bb8 Rg2 57. b4 Ra2+ 58. Kb6 h3 59. c4 Rb2 60. b5
axb5 61. cxb5 Ke6 62. Kc6 Rc2+ 63. Kb7 Kd7 64. b6 h2 65. Bxh2 Rxh2 66. Ka7 Kc6
67. b7 Ra2+ 68. Kb8 Kb6 69. Kc8 Rc2+ 70. Kb8 Rc1 71. Ka8 Ra1+ 72. Kb8 Ra7 0-1

[Event "4NCL 2011-12"]
[Site "Hinkley ENG"]
[Date "2012.05.05"]
[Round "9.85"]
[White "Duncan, Chris R"]
[Black "Harvey, Marcus R"]
[Result "1-0"]
[WhiteTitle "FM"]
[WhiteElo "2315"]
[BlackElo "2130"]
[WhiteTeam "Blackthorne Russia"]
[BlackTeam "Oxford"]
[WhiteFideId "403091"]
[BlackFideId "400092"]
[EventDate "2011.11.12"]

1. Nf3 e6 2. c4 f5 3. Nc3 Nf6 4. g3 Be7 5. Bg2 O-O 6. O-O d6 7. d3 e5 8. b4 a5
9. b5 Nbd7 10. a4 Qe8 11. Nd5 Nxd5 12. cxd5 Bf6 13. Ra2 Qh5 14. Rc2 Bd8 15. Nd2
Nb6 16. Rc3 Qf7 17. Qb3 Re8 18. Nc4 Nxc4 19. Rxc4 b6 20. Bd2 Bb7 21. e4 f4 22.
gxf4 exf4 23. Bf3 Re5 24. Kh1 Rg5 25. Qd1 Bc8 26. Rg1 Bh3 27. Rxg5 Bxg5 28. Qg1
Bh4 29. Bc3 Re8 30. Bd4 Qd7 31. Rc1 Kf8 32. Qd1 g6 33. Qd2 Qf7 34. Bb2 Re7 35.
Ba1 Bf6 36. d4 h5 37. Re1 g5 38. e5 Qe8 39. e6 Qg6 40. Be4 Qh6 41. Bc3 g4 42.
Rg1 Bg5 43. Qd3 Bh4 44. Qd2 Qf6 45. Rd1 Bg5 46. Qd3 Rg7 47. Bd2 Bh4 48. Qe2 Re7
49. Bc1 Kg7 50. Rd3 f3 51. Qe3 Kg8 52. Kg1 Rg7 53. Qf4 Qe7 54. Rd1 Bg2 55. Qh6
Qe8 56. Be3 Bd8 57. Re1 h4 58. Bf4 Be7 59. Bd3 Qf8 60. Rc1 Bf6 61. Bg6 Bh3 62.
Bf7+ Rxf7 63. exf7+ Qxf7 64. Re1 g3 65. hxg3 Bf5 66. Bg5 Bxd4 67. Bxh4 Be5 68.
Qg5+ Kh7 69. Rc1 Bg7 70. Qe7 Qg6 71. Rxc7 Kh6 72. Rc6 Be5 73. Qf8+ Kh5 74. Rc7
Be4 75. Rf7 Kg4 76. Qc8+ Bf5 77. Qc4+ Kh3 78. Rf8 Qh7 79. Bf6 Bd3 80. Qc8+ Bf5
81. Rh8 Bxc8 82. Rxh7+ Kg4 83. Bxe5 dxe5 1-0

[Event "4NCL 2011-12"]
[Site "Hinkley ENG"]
[Date "2012.05.05"]
[Round "9.47"]
[White "Ledger, Dave J"]
[Black "Coleman, James"]
[Result "1-0"]
[WhiteTitle "FM"]
[WhiteElo "2228"]
[BlackElo "2142"]
[WhiteTeam "Blackthorne Russia"]
[BlackTeam "Oxford"]
[WhiteFideId "401986"]
[BlackFideId "407216"]
[EventDate "2011.11.12"]

1. e4 e5 2. Nf3 Nc6 3. Bc4 Bc5 4. c3 Nf6 5. d3 a6 6. Bb3 Ba7 7. O-O d6 8. Be3 h6
9. Nbd2 O-O 10. Kh1 d5 11. Bxa7 Rxa7 12. exd5 Nxd5 13. Nc4 Bg4 14. h3 Bxf3 15.
Qxf3 b5 16. Na5 Nxa5 17. Bxd5 c6 18. Be4 Qd6 19. Qe3 Rc7 20. b4 Nb7 21. a4 Nd8
22. Qb6 f5 23. Bf3 Ne6 24. Qxa6 Ng5 25. Be2 f4 26. f3 Qd7 27. axb5 cxb5 28. Ra5
Rb8 29. d4 exd4 30. Rxb5 Rbc8 31. c4 d3 32. Bd1 Qd4 33. c5 d2 34. Rb6 Re8 35.
Bb3+ Kh7 36. Bc2+ Kg8 37. Qb5 Rce7 38. Rb8 Qe5 39. Rxe8+ Rxe8 40. Bb3+ Kh8 41.
Ba4 Rd8 42. Qc4 Ne6 43. c6 Rd4 44. Qa6 Nc7 45. Qc8+ Kh7 46. Bc2+ g6 47. Kh2 Nd5
48. Qb7+ Qg7 49. Ra1 Rxb4 50. Ra7 1-0

[Event "4NCL 2011-12"]
[Site "Hinkley ENG"]
[Date "2012.05.05"]
[Round "9.48"]
[White "Miranda Gonzalez, Nicole"]
[Black "Eames, Robert S"]
[Result "0-1"]
[BlackTitle "FM"]
[WhiteElo "2027"]
[BlackElo "2241"]
[WhiteTeam "Oxford"]
[BlackTeam "Blackthorne Russia"]
[WhiteFideId "3405770"]
[BlackFideId "408743"]
[EventDate "2011.11.12"]

1. e4 c5 2. c3 d5 3. exd5 Qxd5 4. d4 Nc6 5. Nf3 Bg4 6. Be2 cxd4 7. cxd4 e6 8.
Nc3 Qa5 9. a3 Nf6 10. Be3 Bd6 11. h3 Bh5 12. b4 Qd8 13. O-O O-O 14. Rc1 a5 15.
b5 Ne7 16. a4 Ba3 17. Rc2 Nf5 18. g4 Nxe3 19. fxe3 Bg6 20. Bd3 Bb4 21. Bxg6 hxg6
22. Qd3 Rc8 23. Rfc1 Qd6 24. Ne2 Rcd8 25. e4 Nd7 26. Kg2 Nc5 27. Qe3 Nxa4 28.
Rc7 Rd7 29. Qf4 Qxf4 30. Nxf4 Rxc7 31. Rxc7 Bd6 32. Nxe6 fxe6 33. Rd7 Bf4 34.
Rxb7 Rf7 35. Rxf7 Kxf7 36. e5 Nb6 37. Kf2 a4 38. Ne1 a3 39. Ke2 a2 40. Nc2 Bc1 0-1

[Event "4NCL 2011-12"]
[Site "Hinkley ENG"]
[Date "2012.05.06"]
[Round "10.113"]
[White "Howell, David W L"]
[Black "Hebden, Mark L"]
[Result "1/2-1/2"]
[WhiteTitle "GM"]
[BlackTitle "GM"]
[WhiteElo "2633"]
[BlackElo "2515"]
[WhiteTeam "Wood Green Hilsmark 1"]
[BlackTeam "Cheddleton"]
[WhiteFideId "410608"]
[BlackFideId "400084"]
[EventDate "2011.11.12"]

1. e4 e5 2. Nf3 Nc6 3. Bc4 Nf6 4. d3 Be7 5. O-O O-O 6. Re1 d6 7. a4 Na5 8. Ba2
c5 9. Nc3 Nc6 10. Nd5 Nxd5 11. Bxd5 Kh8 12. c3 f5 13. h3 Bf6 14. Rb1 a5 15. Bd2
Ne7 16. Bc4 Bd7 17. Ng5 Bxg5 18. Bxg5 Qe8 19. Qb3 f4 20. Bxe7 Qxe7 21. f3 Rab8
22. Kf1 b6 23. Re2 Rfc8 24. Rd2 Qe8 25. Ra1 g6 26. Qd1 Ra8 27. Qb3 Rab8 28. Kg1
Rc7 29. Kh1 Qc8 30. Kh2 Kg7 31. Qa3 Ra7 32. d4 cxd4 33. Qxd6 Qc7 34. Qe7+ Kh6
35. Qh4+ Kg7 36. Qe7+ Kh6 37. Bb3 dxc3 38. Qh4+ Kg7 39. Qe7+ Kh6 40. bxc3 Be8
41. Qh4+ Kg7 42. Rad1 Qe7 43. Qxe7+ Rxe7 44. Rd8 Rbb7 45. Bd5 Rbc7 46. c4 Bxa4
47. Rb1 Bc6 48. Rg8+ Kh6 49. Rxb6 Bxd5 50. cxd5 Ra7 51. Rb3 a4 52. Ra3 Rec7 53.
Rb8 Rc4 54. Re8 Rc2 55. Rxe5 g5 56. Re6+ Kh5 57. Rb6 Rd2 58. Rb1 Kh4 59. Rba1 h5
60. R3a2 Rd4 61. e5 g4 62. hxg4 hxg4 63. d6 g3+ 64. Kg1 Kg5 65. Re2 Ra8 66. Ree1
Kf5 67. e6 Rxd6 68. e7 Re8 69. Rxa4 Rxe7 70. Raa1 Red7 71. Ra5+ Kg6 72. Ra4 Kf5 1/2-1/2

[Event "4NCL 2011-12"]
[Site "Hinkley ENG"]
[Date "2012.05.06"]
[Round "10.114"]
[White "Hawkins, Jonathan"]
[Black "Rowson, Jonathan"]
[Result "1/2-1/2"]
[WhiteTitle "IM"]
[BlackTitle "GM"]
[WhiteElo "2480"]
[BlackElo "2581"]
[WhiteTeam "Cheddleton"]
[BlackTeam "Wood Green Hilsmark 1"]
[WhiteFideId "412686"]
[BlackFideId "2400561"]
[EventDate "2011.11.12"]

1. d4 Nf6 2. c4 e6 3. Nf3 b6 4. g3 c6 5. Bg2 Be7 6. O-O O-O 7. Qc2 d5 8. Nbd2
Bb7 9. e4 a5 10. Rd1 Na6 11. a3 Rc8 12. b3 Qc7 13. Bb2 Rfd8 14. Rac1 Qb8 15. Qb1
Nc7 16. Ne5 Nce8 17. c5 bxc5 18. dxc5 Ba6 19. Qc2 Qc7 20. f4 Bf8 21. Bd4 g6 22.
Bf3 Bg7 23. exd5 Nxd5 24. Ndc4 Bxc4 25. bxc4 Ne7 26. Qf2 Nf6 27. Rb1 Nd7 28.
Nxd7 Rxd7 29. Bxg7 Kxg7 30. Qb2+ Kg8 31. Qb6 Nf5 32. Kf2 Nd4 33. Be4 f5 34. Ke3
e5 35. Qxc7 Rdxc7 36. fxe5 Ne6 37. Bf3 Nxc5 38. Rd6 Kf8 39. Rbd1 Ke7 40. h3 Ne6
41. Rb1 Ng5 42. c5 Ne6 43. Rc1 Rb8 44. Rc3 Rb1 45. Kd2 Rcb7 46. Rxc6 Nd4 47. Rd6
R7b2+ 48. Ke3 Nb5 49. Rcd3 Rc2 50. c6 Re1+ 51. Kf4 Nxd6 52. exd6+ Kf6 53. Be2
Rcxe2 54. Kf3 Rc2 55. c7 Rf1+ 56. Ke3 Re1+ 57. Kf3 Rf1+ 58. Ke3 Re1+ 59. Kf3 Ke5 1/2-1/2

[Event "4NCL 2011-12"]
[Site "Hinkley ENG"]
[Date "2012.05.06"]
[Round "10.115"]
[White "Gordon, Stephen J"]
[Black "Camacho Collados, Jose"]
[Result "1-0"]
[WhiteTitle "GM"]
[BlackTitle "FM"]
[WhiteElo "2535"]
[BlackElo "2368"]
[WhiteTeam "Wood Green Hilsmark 1"]
[BlackTeam "Cheddleton"]
[WhiteFideId "411477"]
[BlackFideId "2265427"]
[EventDate "2011.11.12"]

1. d4 Nf6 2. c4 b6 3. f3 d6 4. e4 Nbd7 5. Nc3 e5 6. Nge2 Be7 7. Be3 O-O 8. Qd2
a5 9. Ng3 exd4 10. Bxd4 Nc5 11. Be2 c6 12. O-O Re8 13. f4 Bf8 14. Bf3 Ne6 15.
Be3 Qc7 16. Rad1 Ba6 17. b3 Rad8 18. Qf2 Nc5 19. Bd4 Nfd7 20. Nge2 a4 21. b4 Ne6
22. b5 Nxd4 23. Nxd4 cxb5 24. Nd5 Qc8 25. cxb5 Bb7 26. Bg4 Bxd5 27. exd5 Qb7 28.
Bxd7 Rxd7 29. Nc6 Rc7 30. Rd4 Ra8 31. f5 Be7 32. Re1 Bf6 33. Rxa4 Rcc8 34. Rae4
Be5 35. Nxe5 dxe5 36. Rxe5 Qd7 37. f6 Qxb5 38. d6 Qd3 39. Qxb6 gxf6 40. R5e3 Qd2
41. d7 Rc1 42. Re8+ Kg7 43. Qf2 Rxe1+ 44. Qxe1 Qd5 45. Rxa8 Qxa8 46. Qg3+ Kh6
47. Qc7 Qe4 48. Qc1+ 1-0

[Event "4NCL 2011-12"]
[Site "Hinkley ENG"]
[Date "2012.05.06"]
[Round "10.116"]
[White "Arkell, Keith C"]
[Black "Pert, Nicholas"]
[Result "0-1"]
[WhiteTitle "GM"]
[BlackTitle "GM"]
[WhiteElo "2418"]
[BlackElo "2563"]
[WhiteTeam "Cheddleton"]
[BlackTeam "Wood Green Hilsmark 2"]
[WhiteFideId "400270"]
[BlackFideId "403989"]
[EventDate "2011.11.12"]

1. Nf3 d5 2. c4 c6 3. d4 Nf6 4. Nc3 dxc4 5. a4 Bf5 6. Nh4 Bg4 7. h3 Bh5 8. g4
Bg6 9. Nxg6 hxg6 10. e3 e6 11. Bxc4 Bb4 12. Kf1 Nbd7 13. Kg2 Qa5 14. Na2 Be7 15.
Bd2 Qc7 16. Nc3 Rd8 17. a5 O-O 18. g5 Nh5 19. h4 e5 20. d5 b5 21. Be2 b4 22. Na2
cxd5 23. Bxb4 Bxb4 24. Nxb4 d4 25. Nd5 Qd6 26. e4 Nf4+ 27. Nxf4 exf4 28. Bc4 Ne5
29. Bd5 f3+ 30. Kg1 Qd7 31. Kf1 Qg4 32. Rg1 Qh3+ 33. Ke1 d3 34. Qd2 Qh2 35. Kf1
Rxd5 36. exd5 Re8 37. Qe3 d2 38. Rg3 0-1

[Event "4NCL 2011-12"]
[Site "Hinkley ENG"]
[Date "2012.05.06"]
[Round "10.118"]
[White "Eggleston, David J"]
[Black "Cramling, Pia"]
[Result "0-1"]
[WhiteTitle "FM"]
[BlackTitle "GM"]
[WhiteElo "2367"]
[BlackElo "2495"]
[WhiteTeam "Cheddleton"]
[BlackTeam "Wood Green Hilsmark"]
[WhiteFideId "412120"]
[BlackFideId "1700030"]
[EventDate "2011.11.12"]

1. e4 c5 2. Nf3 e6 3. d4 cxd4 4. Nxd4 a6 5. Nc3 b5 6. Bd3 Qb6 7. Nf3 Qc7 8. O-O
Bb7 9. Re1 Be7 10. e5 f5 11. exf6 Nxf6 12. Ne4 O-O 13. Bg5 Nc6 14. Qd2 Rae8 15.
c3 Nxe4 16. Bxe4 Na5 17. Bxe7 Rxe7 18. Qg5 Ref7 19. Bxb7 Qxb7 20. Re2 Nc4 21.
Rae1 Rf5 22. Qg3 h6 23. b3 Nb6 24. h4 Nd5 25. Ne5 Qc7 26. c4 bxc4 27. bxc4 Nf4
28. Re4 Qb7 29. Qb3 Qa7 30. Qe3 Qb7 31. Qb3 Qc7 32. Qg3 Nh5 33. Qe3 Rxf2 34.
Qxf2 Rxf2 35. Kxf2 Qb6+ 36. R4e3 Qd4 37. g3 d6 38. Nf3 Qxc4 39. Rxe6 Qxa2+ 40.
R1e2 Qd5 41. R6e4 Qc5+ 42. Rd4 d5 43. Kg2 Nf6 44. Rf4 Ne4 45. h5 Qc3 46. Rf5 Kh7
47. Rf8 Qc5 48. Rf4 Qb5 49. Rc2 Qd3 50. Rb2 Qc3 51. Re2 0-1

[Event "4NCL 2011-12"]
[Site "Hinkley ENG"]
[Date "2012.05.06"]
[Round "10.122"]
[White "Parker, Jonathan F"]
[Black "Edouard, Romain"]
[Result "1/2-1/2"]
[WhiteTitle "GM"]
[BlackTitle "GM"]
[WhiteElo "2531"]
[BlackElo "2621"]
[WhiteTeam "Barbican 4NCL 1"]
[BlackTeam "Guildford"]
[WhiteFideId "400580"]
[BlackFideId "633429"]
[EventDate "2011.11.12"]

1. d4 Nf6 2. c4 g6 3. Nc3 d5 4. Nf3 Bg7 5. e3 O-O 6. b4 Be6 7. c5 Nbd7 8. Bb2
Ne4 9. Qc2 Nxc3 10. Bxc3 Bg4 11. Qb2 c6 12. h3 Bxf3 13. gxf3 Qe8 14. f4 f6 15.
Qc2 e5 16. f5 a5 17. b5 exd4 18. Bxd4 Ne5 19. Bg2 gxf5 1/2-1/2

[Event "4NCL 2011-12"]
[Site "Hinkley ENG"]
[Date "2012.05.06"]
[Round "10.124"]
[White "Cox, John J"]
[Black "Smerdon, David"]
[Result "1/2-1/2"]
[WhiteTitle "IM"]
[BlackTitle "GM"]
[WhiteElo "2423"]
[BlackElo "2513"]
[WhiteTeam "Barbican 4NCL 1"]
[BlackTeam "Guildford 1"]
[WhiteFideId "401064"]
[BlackFideId "3202305"]
[EventDate "2011.11.12"]

1. c4 e6 2. g3 d5 3. Nf3 Nf6 4. Bg2 dxc4 5. Na3 Qd5 6. O-O Nbd7 7. Qa4 c6 8.
Qxc4 Bxa3 9. Qxd5 cxd5 10. bxa3 b6 11. a4 Ne4 12. Bb2 O-O 13. d3 Nec5 14. a5 Ba6
15. axb6 axb6 16. Ne5 Bb5 17. Nxd7 Bxd7 18. Rfb1 Ra6 19. Bc3 Rc8 20. Bb4 Ra7 21.
Rc1 Rac7 22. Kf1 f5 23. Bd2 Kf7 24. Be3 Na4 25. Rxc7 Rxc7 26. Ke1 Rc2 27. Kd1
Rb2 28. Bd4 Rb4 29. Be5 d4 30. Ke1 Nc3 31. Rc1 Nxa2 32. Rc7 Ke8 33. Bxg7 Nc3 34.
f4 Rb2 35. Bf3 Rb4 36. Rc4 Rb1+ 37. Kf2 Nd1+ 38. Kg2 Ne3+ 39. Kh3 Nxc4 40. dxc4
Rd1 41. e3 Rd3 42. Bxd4 Rb3 43. c5 e5 44. fxe5 f4+ 45. Kg2 bxc5 46. Bxc5 fxe3
47. Be4 Rc3 48. Bb6 Rb3 49. Bc5 Bb5 50. Bxh7 e2 51. Bg6+ Kd8 52. Bb6+ Ke7 53.
Ba5 Re3 54. Be1 Rxe5 55. Kf2 Kf6 56. Bc2 Kg5 57. Kf3 Re8 58. h4+ Kh6 59. g4 Rd8
60. Bf5 Rd1 61. Kf2 Rd4 62. Ke3 Rd1 63. Kf2 Bc4 64. Be4 Rd4 65. Ke3 1/2-1/2

[Event "4NCL 2011-12"]
[Site "Hinkley ENG"]
[Date "2012.05.06"]
[Round "10.125"]
[White "Conquest, Stuart C"]
[Black "D'Costa, Lorin A R"]
[Result "1-0"]
[WhiteTitle "GM"]
[BlackTitle "IM"]
[WhiteElo "2521"]
[BlackElo "2409"]
[WhiteTeam "Guildford 1"]
[BlackTeam "Barbican 4NCL 1"]
[WhiteFideId "400181"]
[BlackFideId "409219"]
[EventDate "2011.11.12"]

1. d4 Nf6 2. c4 e6 3. Nc3 Bb4 4. e3 O-O 5. a3 Bxc3+ 6. bxc3 c5 7. Bd3 Nc6 8. Ne2
b6 9. e4 Ne8 10. Be3 d6 11. O-O Na5 12. Ng3 f5 13. exf5 exf5 14. Qf3 Bb7 15. Qf4
g6 16. Rfe1 Qf6 17. Qh6 Qf7 18. Bg5 Nf6 19. f3 cxd4 20. cxd4 Ba6 21. Bxf5 gxf5
22. Nxf5 Rae8 23. Rxe8 Nxe8 24. Ne7+ Kh8 25. Ng6+ Kg8 26. Nxf8 Qxf8 27. Qe6+ Qf7
28. Qg4 h5 29. Qg3 Bxc4 30. Re1 Ng7 31. Qxd6 Be6 32. d5 Bxd5 33. Re7 Qf5 34. h4
Bf7 35. Bf6 Kh7 36. Rxf7 1-0

[Event "4NCL 2011-12"]
[Site "Hinkley ENG"]
[Date "2012.05.06"]
[Round "10.126"]
[White "Collins, Sam E."]
[Black "Kosten, Anthony C."]
[Result "1/2-1/2"]
[WhiteTitle "IM"]
[BlackTitle "GM"]
[WhiteElo "2426"]
[BlackElo "2498"]
[WhiteTeam "Barbican 4NCL 1"]
[BlackTeam "Guildford 1"]
[WhiteFideId "2501198"]
[BlackFideId "400114"]
[EventDate "2011.11.12"]

1. e4 e5 2. Nf3 Nc6 3. Bb5 Nf6 4. d3 Bc5 5. c3 O-O 6. O-O d6 7. Nbd2 a6 8. Ba4
Ba7 9. Bc2 Ne7 10. d4 Ng6 11. Nc4 exd4 12. Nxd4 Re8 13. Re1 Bg4 14. f3 Bd7 15.
Be3 d5 16. Nd2 c5 17. N4b3 Qc7 18. Bf2 Nf4 19. Kh1 Bb5 20. exd5 Be2 21. Qb1 c4
22. Nd4 Bd3 23. Bxd3 Nxd3 24. Rxe8+ Rxe8 25. Bg3 Qc8 26. b3 Nh5 27. Ne4 Nxg3+
28. hxg3 Re5 29. Nd6 Qd7 30. bxc4 Qxd6 31. Qxd3 Rh5+ 32. Kg1 Qxg3 33. Qe4 Re5
34. Qg4 Qxg4 35. fxg4 Re3 36. Kf1 Rxc3 37. Re1 g6 38. Re8+ Kg7 39. Ne2 Rd3 40.
Ke1 b5 41. Ra8 Bc5 42. Rxa6 bxc4 43. Ra4 c3 44. Rc4 Be3 45. a4 Bd2+ 46. Kf2 Kh6
47. Nf4 Bxf4 48. Rxf4 Rxd5 49. Rc4 Rd2+ 50. Kg3 c2 51. a5 Rd3+ 52. Kh2 Ra3 53.
Rxc2 Kg5 54. Rc7 f6 55. Rxh7 Kxg4 56. Rh3 Rxa5 57. Rg3+ Kf5 58. Rf3+ Ke6 1/2-1/2

[Event "4NCL 2011-12"]
[Site "Hinkley ENG"]
[Date "2012.05.06"]
[Round "10.127"]
[White "Plaskett, H James"]
[Black "Knott, Simon J B"]
[Result "1/2-1/2"]
[WhiteTitle "GM"]
[BlackTitle "IM"]
[WhiteElo "2480"]
[BlackElo "2332"]
[WhiteTeam "Guildford 1"]
[BlackTeam "Barbican 4NCL 1"]
[WhiteFideId "400238"]
[BlackFideId "400645"]
[EventDate "2011.11.12"]

1. c4 Nf6 2. Nc3 d5 3. cxd5 Nxd5 4. g3 g6 5. Bg2 Nxc3 6. bxc3 Bg7 7. Nf3 c5 8.
Qa4+ Nd7 9. O-O O-O 10. Ba3 Qc7 11. Rab1 b6 12. Qh4 Bb7 13. d4 h6 14. Bc1 g5 15.
Bxg5 Bxf3 16. Bf4 e5 17. Bxh6 Bf6 18. Bg5 Bxg2 19. Bxf6 Nxf6 20. Qg5+ Kh7 21.
Qf5+ Kg7 22. Qg5+ Kh7 1/2-1/2

[Event "4NCL 2011-12"]
[Site "Hinkley ENG"]
[Date "2012.05.06"]
[Round "10.128"]
[White "Lauterbach, Ingrid"]
[Black "Camacho Collados, Marcos"]
[Result "1/2-1/2"]
[WhiteTitle "WIM"]
[WhiteElo "2075"]
[BlackElo "2411"]
[WhiteTeam "Barbican 4NCL 1"]
[BlackTeam "Guildford"]
[WhiteFideId "405221"]
[BlackFideId "2266237"]
[EventDate "2011.11.12"]

1. Nf3 Nf6 2. g3 g6 3. c4 Bg7 4. Bg2 O-O 5. O-O d6 6. Nc3 c6 7. d4 Qa5 8. Qc2 e5
9. e3 Re8 10. a3 e4 11. Nd2 d5 12. b4 Qd8 13. b5 h5 14. h4 Bg4 15. a4 Nbd7 16.
Ba3 Rc8 17. bxc6 bxc6 18. Qa2 c5 19. cxd5 cxd4 20. Ncxe4 dxe3 21. fxe3 Nxe4 22.
Nxe4 Bxa1 23. Qxa1 Rc2 24. Nd6 Re7 25. Qb1 Qc7 26. Nb5 Qc4 27. Bxe7 Qe2 28. Qxc2
Qxc2 29. Bg5 Qxa4 30. Nd6 Ne5 31. Bf6 Qa3 32. Bxe5 Qxe3+ 33. Kh2 Qxe5 34. Nxf7
Qe3 35. Ng5 a5 36. Rf6 Bf5 37. Ra6 Qc5 38. Rc6 Qd4 39. Ra6 a4 40. d6 Bd7 41. Nf3
Qe3 42. Ng5 a3 43. Ra8+ Kg7 44. Ra5 Bc6 45. Rxa3 Qxa3 46. Bxc6 Qxd6 47. Bg2 Qa3
48. Ne4 Qb2 49. Kg1 Qd4+ 50. Kh2 Kf7 51. Ng5+ Kf6 52. Nf3 Qb2 53. Kg1 Kf5 54.
Ng5 Ke5 55. Ne4 Kd4 56. Kh1 Ke3 57. Kh2 Qe5 58. Ng5 Ke2 59. Ne4 Qc7 60. Ng5 Ke3
61. Ne4 Kd4 62. Ng5 Ke5 63. Ne4 Kf5 64. Ng5 Qc1 65. Ne4 Qc2 66. Ng5 Kg4 67. Ne4
Qb2 68. Ng5 Qf2 69. Ne4 Qb2 70. Ng5 1/2-1/2

[Event "4NCL 2011-12"]
[Site "Hinkley ENG"]
[Date "2012.05.06"]
[Round "10.131"]
[White "Rizouk, Aimen"]
[Black "Jones, Gawain C B"]
[Result "0-1"]
[WhiteTitle "GM"]
[BlackTitle "GM"]
[WhiteElo "2539"]
[BlackElo "2635"]
[WhiteTeam "e2e4.org.uk"]
[BlackTeam "White Rose"]
[WhiteFideId "7900309"]
[BlackFideId "409561"]
[EventDate "2011.11.12"]

1. e4 c5 2. Nf3 d6 3. d4 cxd4 4. Nxd4 Nf6 5. Nc3 g6 6. Be2 Bg7 7. O-O Nc6 8. Be3
O-O 9. Qd2 d5 10. exd5 Nxd5 11. Nxc6 bxc6 12. Rfd1 Qc7 13. Bd4 e5 14. Bc5 Rd8
15. Na4 Bf5 16. Ba6 Rab8 17. c4 Nb4 18. Qxd8+ Rxd8 19. Rxd8+ Qxd8 20. Bxb4 Qc7
21. b3 e4 22. Re1 Bd4 0-1

[Event "4NCL 2011-12"]
[Site "Hinkley ENG"]
[Date "2012.05.06"]
[Round "10.132"]
[White "Wells, Peter K"]
[Black "Slavin, Alexei"]
[Result "1-0"]
[WhiteTitle "GM"]
[BlackTitle "IM"]
[WhiteElo "2492"]
[BlackElo "2400"]
[WhiteTeam "White Rose"]
[BlackTeam "e2e4.org.uk"]
[WhiteFideId "400327"]
[BlackFideId "24104388"]
[EventDate "2011.11.12"]

1. d4 f5 2. Nc3 c5 3. dxc5 Nf6 4. Bg5 e6 5. e4 h6 6. Bxf6 Qxf6 7. exf5 Qxf5 8.
Bd3 Qe5+ 9. Ne4 Bxc5 10. Nf3 Qxb2 11. O-O Be7 12. Rb1 Qxa2 13. Ne5 O-O 14. Qh5
Nc6 15. Ng4 Rf5 16. Qe8+ Bf8 17. Nd6 Rf4 18. Bg6 Qa4 19. c4 Kh8 20. Bf7 Rxf7 21.
Nxf7+ Kg8 22. Nfxh6+ Kh7 23. Qxf8 Qb4 24. Qg8+ Kg6 25. Qf7+ Kg5 26. f4+ Kh4 27.
g3+ Kh3 28. Nf2# 1-0

[Event "4NCL 2011-12"]
[Site "Hinkley ENG"]
[Date "2012.05.06"]
[Round "10.133"]
[White "Ghasi, Ameet K"]
[Black "Palliser, Richard J D"]
[Result "0-1"]
[WhiteTitle "FM"]
[BlackTitle "IM"]
[WhiteElo "2400"]
[BlackElo "2447"]
[WhiteTeam "e2e4.org.uk"]
[BlackTeam "White Rose"]
[WhiteFideId "409200"]
[BlackFideId "407372"]
[EventDate "2011.11.12"]

1. Nf3 c5 2. g3 Nc6 3. Bg2 e5 4. c4 g6 5. Nc3 Bg7 6. O-O Nge7 7. d3 O-O 8. Rb1
d6 9. a3 a5 10. Bd2 Rb8 11. Ne1 Be6 12. Nd5 b5 13. b3 h6 14. Nc2 f5 15. f4 exf4
16. gxf4 Bf7 17. Kh1 bxc4 18. bxc4 a4 19. Bc3 Nxd5 20. Bxg7 Kxg7 21. cxd5 Na5
22. Rxb8 Qxb8 23. Qa1+ Kh7 24. Rb1 Nb3 25. Qc3 Qd8 26. e4 Re8 27. Rf1 c4 28.
dxc4 fxe4 29. Ne3 Qh4 30. Qb4 Nc5 31. Qb6 Qd8 32. Qxd8 Rxd8 33. Rb1 g5 34. fxg5
hxg5 35. Rb6 Bh5 36. Bh3 Kg6 37. Nf5 g4 38. Nxd6 Kg5 39. Bf1 g3 40. hxg3 e3 41.
g4 Rf8 42. Nf5 Kxg4 43. Nxe3+ Kf3 44. Nc2 Kf2 45. Bh3 Bg4 46. Rh6 Kg3 47. Bg2
Re8 48. Rg6 Nd3 49. d6 Nf4 50. Rxg4+ Kxg4 51. c5 Kg3 52. d7 Rd8 53. Bh3 Nxh3 54.
c6 Rf8 55. Ne3 Rf2 0-1

[Event "4NCL 2011-12"]
[Site "Hinkley ENG"]
[Date "2012.05.06"]
[Round "10.134"]
[White "McNab, Colin A"]
[Black "Longson, Alexander"]
[Result "1-0"]
[WhiteTitle "GM"]
[WhiteElo "2438"]
[BlackElo "2281"]
[WhiteTeam "White Rose"]
[BlackTeam "e2e4.org.uk"]
[WhiteFideId "2400030"]
[BlackFideId "408093"]
[EventDate "2011.11.12"]

1. c4 e6 2. Nf3 d5 3. b3 Nf6 4. g3 Be7 5. Bg2 O-O 6. O-O c5 7. e3 Nc6 8. Bb2 a6
9. Qe2 b5 10. d3 Bb7 11. Rd1 Qb6 12. Nc3 d4 13. exd4 Nxd4 14. Nxd4 cxd4 15. Ne4
Nxe4 16. Bxe4 Bxe4 17. Qxe4 Rfd8 18. Rac1 b4 19. Rc2 a5 20. c5 Bxc5 21. Rdc1 f5
22. Qe2 Rd5 23. Rc4 a4 24. bxa4 Rxa4 25. Bxd4 Bxd4 26. Rc8+ Kf7 27. R1c6 Bxf2+
28. Kg2 Qe3 29. Qh5+ Kf6 30. Rf8+ Ke5 31. Rxe6+ Kxe6 32. Qf7+ Ke5 33. Qc7+ Kd4
34. Qc4+ Ke5 35. Re8+ Kd6 36. Rd8+ Ke7 37. Qxd5 Ra6 38. Qd7+ Kf6 39. Rf8+ Kg6
40. Qxf5+ Kh6 41. Qh3+ Kg6 42. Qg4+ Kh6 43. Rf3 Qg5 44. Qxg5+ Kxg5 45. h4+ Kh5
46. Rxf2 Ra3 47. Rd2 Kg4 48. Rb2 Rxd3 49. Rxb4+ Kf5 50. Rf4+ Ke6 51. a4 Ra3 52.
h5 Ke7 53. Kh3 Ke6 54. Kg4 Rb3 55. Rc4 Ra3 56. Rb4 Kf6 57. Kf4 Ra1 58. g4 Ke6
59. Rb6+ Kf7 60. Rb7+ Kf6 61. Rb6+ Kf7 62. Rb4 Ke6 63. Kg5 Rc1 64. Rb6+ Kf7 65.
Rb7+ Kf8 66. Rb4 Ke7 67. Re4+ Kd6 68. Kf4 Rg1 69. Kf3 Ra1 70. Ke3 Ra3+ 71. Kf4
Ra1 72. Kg5 Rc1 73. Rf4 Ke6 74. Rb4 Rc5+ 75. Kf4 Rc1 76. Ke4 Rg1 77. Rb6+ Kf7
78. Kf5 Rf1+ 79. Ke5 Re1+ 80. Kd5 Rd1+ 81. Kc5 Rc1+ 82. Kb5 Rb1+ 83. Kc6 Ra1 84.
Rb4 Ke7 85. Rd4 Ke6 86. Kb5 Ke5 87. Rb4 Kd5 88. a5 Rc1 89. a6 Rc5+ 90. Kb6 Rc6+
91. Kb7 1-0